000 00446 a2200157 4500
020 _a 0078247845
040 _aDLC
_bDLC
082 _a510
100 _aCollins, William.
245 _aMathematics: Course 1, Applications and Connections
_cCollins, William
260 _aNew York:
_bMcGraw-Hill/Glencoe,
_c 2002.
300 _axxviii, 666 p. :
_bill. ;
_c27 cm.
500 _aIncludes Index
650 _a Mathematics.
942 _cBK
_k510 COL
_2ddc
999 _c7428
_d7428